| 000 | 00611cam a2200229 4500 | ||
|---|---|---|---|
| 001 | 3666394 | ||
| 003 | BD-DhUL | ||
| 005 | 20170328123107.0 | ||
| 008 | 710219q19601969pk abe 000 0 eng | ||
| 010 | _a 77019230 | ||
| 040 |
_aDLC _cBD-DhUL _dDLC |
||
| 043 | _aa-pk--- | ||
| 050 | 0 | 0 |
_aDS486.B36 _bP34 |
| 082 |
_a913.547 _bKHB |
||
| 110 | 1 |
_aPakistan. _bDepartment of Archaeology. |
|
| 245 | 0 | 0 | _aBanbhore / |
| 260 |
_a[Karachi, _c196-] |
||
| 300 |
_a50 p.: _billus., map, plans. _c24 cm. |
||
| 651 | 0 | _aDebal (Extinct city) | |
| 906 |
_a7 _bcbc _corignew _d2 _eocip _f19 _gy-gencatlg |
||
| 942 |
_2ddc _cREF |
||
| 999 |
_c168798 _d168798 |
||